Quizzes
Events
Quiz Creation
Community
Videos
Private Events
Remove Ads
Sign In
Join for FREE
Feedback
Dark Mode
Quiz Categories
Sports
Geography
Music
Movies
Television
Just For Fun
Miscellaneous
History
Literature
Language
Science
Gaming
Entertainment
Religion
Holiday
For Kids
Quiz Lab
Recent
Popular Today
Quiz Kudos Today
Editor Picks
Curator Picks
Quizzes by...
Day
Popularity
Type
Ratings
Length
Year
Community
Subscriptions
Recent Discussions
Orange Saloon
Badges
Playlists
Quests
Create
Leaderboards
Showdown
Live 5
Trivia Bingo
Activity
Puzzle Library
Sporcle Events
Private Events
Virtual Trivia
Globe League
Become a Host
Pub Owners
SporcleCon
Opinionation
Our Games
Videos
Blog
Mobile Apps
Partnerships
Remove Ads and Go Orange
Feedback
Movies
Disney
Marvel Cinematic Universe
Movie Resume
Movie Titles
Oscar
Actor
Actress
Director
Pixar
Role
Movie Quotes
Movie Characters
Box Office
Nominee
Best Picture
Star Wars
James Bond
Horror Movies
Movies
Disney
Marvel Cinematic Universe
Movie Resume
Movie Titles
Oscar
Actor
Actress
Director
Pixar
Role
Movie Quotes
Movie Characters
Box Office
Nominee
Best Picture
Star Wars
James Bond
Horror Movies
Random Quiz
Search Sporcle
×
Featured
Featured
Movies
Actor
Click on regions of an image
Click on regions of an image
Picture Click
Best Score? Go Orange.
Click the Schwarzenegger Quotes Stats
Can you pick the correct movie for each memorable Arnold Schwarzenegger quote?
By
chaosBEE
5m
16 Questions
41.3K Plays
41,338 Plays
41,338 Plays
Comments
Comments
Give Quiz Kudos
Give Quiz Kudos
-
- Ratings
hide this ad
Forced Order
Answers have to be entered in order
Answers have to be entered in order
Replay
Link that replays current quiz
Next Quiz
Link to next quiz in quiz playlist
You Got
0%
They Got
Avg Score
56%
Avg Friend Score
Upgrade to see
Score Distribution
Jump to the score distribution portion of the page
Score
0/16
Timer
05:00
7
Plays Today
% Correct
Batman and Robin
82.5%
Terminator 2: Judgment Day
81.1%
Junior
74.3%
Conan the Barbarian
73.1%
Kindergarten Cop
70.7%
Eraser
58.1%
Predator
55%
The Expendables 2
55%
% Correct
Last Action Hero
49.4%
Commando
49.2%
True Lies
46.8%
Total Recall
44%
The Running Man
42.8%
Twins
41.7%
The 6th Day
41.6%
Jingle All the Way
39.6%
Quiz Playlist
Details
Report
Send in Message
Add To Playlist
Picture Click:
Click on regions of an image
Forced Order:
Answers have to be entered in order
Last Updated: May 27, 2020
Featured
Curator Pick in
Movie Quotes
Quiz Scoreboard
CHALLENGE
Sign Up to Join the Scoreboard
Show All
Scores
Hide
Comments
May contain spoilers
Recently Published
Women Country Music Singer Match-Up
by babymonkee
Music
5m
TV Characters by Other Roles V
by ghcgh
Television
5m
Decade Duel: World Leaders
by jenniferyan
History
4m
More to Explore
Quiz From the Vault
Featured Blog Post
15 Basketball Trivia Facts You Can Be March Mad About
hide this ad
You Might Also Like...
Tags
Actor Quiz
Famous Quiz
Movie Quotes Quiz
Movie Resume Quiz
Movie Titles Quiz
Quote Quiz
Arnold Schwarzenegger
Picture Click
Today's Top Quizzes in Movies
Browse Movies
hide this ad
Today's Top Quizzes in Actor
Browse Actor
Top Contributed Quizzes in Movies
1
Pick 6: Harry Potter
2
Pick 6: Movie Franchises
3
Pick 6: Actors
4
Pick 6: Actresses
5
Pick 6: Disney Princesses
6
Decade Duel: Best Picture Winner
7
Movies of the Seasons
8
Decade Duel: Disney Animated Movies
9
Match The President To The Fictional Crisis
10
Movie Seasons
Explore More
Trending Topics
Harry Potter
NBA
Crossword
Kpop
Disney
Anime
Marvel
Pokémon
Song
NFL
Puzzle
Country
Soccer
WWE
The Office
hide this ad
More By:
chaosBEE
Quiz
Plays
Rating
Category
Featured
Created
Food Bunker
419,444
4.05
Miscellaneous
Apr 9, 2016
Soccer Players Venn Diagram
319,204
4.47
Sports
Jun 13, 2016
US Presidents Venn Diagram
221,599
4.75
History
Jul 7, 2016
Mixed Soccer Logos
214,289
4.42
Sports
May 6, 2016
Animal Bunker
211,111
4.21
Science
Apr 7, 2016
Go to Creator's Profile
Score Distribution
Quiz Creator Spotlight
chaosBEE
Follow
Send a Message
Quizzes Created
-
Created Quiz Play Count
-
More By This Creator
Popular Quizzes Today
1
Countries of Asia Without Outlines Minefield
2
Find the US States - No Outlines Minefield
3
Pick 6: Fruits
4
The Countries of the World
5
Find the Countries of Europe - No Outlines Minefield
6
Alphabetical 'K' Countries by Flag Minefield
7
Find the US States
8
US States
More Movies Quizzes
Elvis Presley Films by Image
Quiz Lab
Trending Quizzes
Pick 6: Mountains
Pick 6: Harry Potter
Pick 6: NFL Teams
Pick 6: Flags
C Names for Actors
Recently Updated
Adaptations: Name the Title
pecheneg
NWSL Teams
pecheneg
Women's Final Four Teams by Year
bhenderson79
Presidents Quartet II
eogle
Anything But Clue(do)
eogle
Anything But Oceanian Capitals
eogle
Anything But 7
eogle
Anything But Thing
eogle
Word Ladder: February 29
pecheneg
Song Title Questions
pecheneg
Trending Topics
Marvel
Anime
NBA
Disney
Harry Potter
Crossword
Kpop
Puzzle
Song
Pokémon
NFL
WWE
The Office
Soccer
Country
Your Account Isn't Verified!
In order to create a playlist on Sporcle, you need to verify the email address you used during registration. Go to your
Sporcle Settings
to finish the process.
Report this User
Report this user for behavior that violates our
Community Guidelines
.
Details:
Send Report
Go to the Sporcle.com Mobile Site →
Comments